000 00602nam a2200181Ia 4500
005 20250508155445.0
008 008 250505s9999 xx 000 0 eng d
037 _aBooks to be hide in OPAC
040 _aFEDL
_beng
_cFEDL
041 _aeng
_2eng
084 _a371.89, IND/O
_qFEDL
245 0 _aEight inter-university youth festival 1963: Discussion paper on implication of living in a nuclear age
245 0 _cIndia. Education, (Ministry of ...)
260 _aDelhi, India
_bManager of Publications
300 _a12p
942 _cHB
_h371.89, IND/O
999 _c1357037
_d1357037